| 000 | 00763nam a2200265Ia 4500 | ||
|---|---|---|---|
| 001 | 39133 | ||
| 005 | 20240114002040.0 | ||
| 007 | ta | ||
| 008 | 070811s1969 g b000 u 465 u | ||
| 040 | _aCotton College,Assam | ||
| 041 | _a465 | ||
| 082 |
_a297 _bN 126 W |
||
| 100 | _aNadwi, Abul Hasan Ali . | ||
| 245 | 0 |
_aWestern Civilization: Islam and Muslim / _cAbul Hasan Ali Nadwi. _hTextual Documents |
|
| 250 | _a1st ed. / | ||
| 260 |
_aLucknow : _bAcademy of Islamic Research & Publications , _c1969. |
||
| 300 |
_a199p. ; _c22cm. |
||
| 653 | _aCivilization-Western | ||
| 653 | _aG-Arabic & Persian | ||
| 653 | _aCivilization-Islam and Muslim | ||
| 700 | _aKidwai, M.A. . | ||
| 942 |
_2ddc _cBK |
||
| 999 |
_c39105 _d39105 |
||